Responses for Show #7192 - Tuesday, December 15, 2015

Contestants

[<< previous game]

Rami Fakhouri, an attorney originally from Cockeysville, Maryland

Tiombi Prince, an advocation support specialist from East Point, Georgia

Sam McLinn, a retiree from Independence, Ohio (whose 1-day cash winnings total $12,500)

[next game >>]

Jeopardy! Round responses

THE DEWEY DECIMAL SYSTEM
IT WAS THE '60s
FIRST LINES
IT'S A LIE
(Alex: You have to identify the item that doesn't belong.)
CAROLS
"S_N_L"
    $200 1
(Tiombi: What is Gemini?)

Mercury

TiombiRami
    $200 7
Little Women

Tiombi
    $200 22
(Sam: Who is Edred?)

Ethelfred

SamTiombi
    $200 17
"Silent Night"

Tiombi
    $200 12
a sandal

Tiombi
    $400 6
philosophy

Tiombi
    $400 2
(Tiombi: Who is Mitterrand?)

(Charles) de Gaulle

SamTiombi
    $400 8
(Sam: What is The Grinch That Stole Christmas?)

How the Grinch Stole Christmas

SamTiombi
    $400 23
Maryland

Tiombi
    $400 18
"Joy To The World"

Rami
    $400 13
a scandal

Sam
    $600 29
[End-of-round signal sounds.]

religion

Tiombi
    $600 3
Malcolm X

Rami
    $600 9
(Sam: What is The World According to Garp?)

Atlas Shrugged

SamRami
    $600 24
(Sam: What is Tarentais?)
...
(Alex: The French word for bean is [*]. We have less than a minute now, Tiombi.)

haricot

Sam
Triple Stumper
    $600 19
"The First Noel"

Tiombi
    $600 14
saintly

Rami
    $800 27
social studies

Tiombi
    $1,000 4
Khrushchev

Rami
    $800 10
Fight Club

Tiombi
    $800 25
(Tiombi: What is Vaduz?)
...
(Alex: Bern is the capital.)

Zurich

TiombiRami
    $800 20
(Sam: What are 12 pipers?)

12 drummers

SamTiombi
    $800 15
spinal

Rami
    $1000 28
literature

Rami
    $1000 5
Tonkin Gulf resolution

Sam
    $1000 11
Heart of Darkness

Rami
    $1000 26
the Devon Rex

Sam
    $1000 21
(Sam: What are "We Three Kings?") [Originally ruled incorrect, ruled correct before Double Jeopardy]

"We Three Kings (Of Orient Are)" or "We Three Kings From Orient Are"

Sam
    $1000 16
sinful

Tiombi

Scores at the first commercial break (after clue 15):

Sam Tiombi Rami
$800 $1,400 $4,800

Scores at the end of the Jeopardy! Round:

Sam Tiombi Rami
$1,200 $5,200 $7,000

Double Jeopardy! Round responses

THE DEWAR'S DECIMAL SYSTEM
MED. ABBREV.
4-LETTER WORDS WITH 3 VOWELS
DIARIES & JOURNALS
THE SEA "B"s
BAD GRAMMER
(Alex: Pay attention to the spelling there.)
    $400 9
43%

Rami
    $400 14
a beau

Rami
    $400 6
Darwin

Rami
    $400 1
Sideshow Bob

Tiombi
    $800 10
scotch and soda

Triple Stumper
    $800 16
aloe

Tiombi
    $800 7
Lewis & Clark

Rami
    $800 2
Ebenezer Scrooge

Tiombi
    $1200 11
blend

Sam
    $1200 15
labor and delivery

Tiombi
    $1200 17
ciao

Sam
    $1200 22
the Bering Sea

Sam
    $1200 3
Transformers

Triple Stumper
    $1600 12
(Rami: What is a third?)

4/5

Rami
Triple Stumper
    $1600 8
(Rami: What is a fasting blood, uh, scan?)

fasting blood sugar

TiombiRami
    $1600 23
Moai

Sam
    $3,600 18
(Sam: Who is Daniel Defoe?)

Samuel Pepys

Sam
    $2,000 20
(Sam: What is the Tasman Sea?)
...
(Alex: A minute left. Keep going.)

the Bismarck Sea

Sam
    $1600 4
(Rami: Who is Woody?)
...
(Alex: Yes, we're going to accept that, because we said "stinky" in the clue.)

Prospector Pete

TiombiRami
    $2000 13
the angels' share

Tiombi
    $2000 25
[End-of-round signal sounds.]

aneurysm

Rami
    $2000 24
an épée

Sam
    $2000 19
(Sam: Who is Peary?)

Richard Byrd

Sam
Triple Stumper
    $2000 21
(Rami: What is the Bering Sea?)

the Beaufort Sea

Rami
Triple Stumper
    $2000 5
Patricia Arquette

Tiombi

Scores at the end of the Double Jeopardy! Round:

Sam Tiombi Rami
$800 $15,600 $4,200
(lock game)

[wagering suggestions for these scores]

Final Jeopardy! Round responses

DYSTOPIAN AUTHORS
SamWho is Sm
$800
RamiWho is Aldous Huxley
$2,400
TiombiWho is H.G. Wells
$1,400
Aldous Huxley

Final scores:

Sam Tiombi Rami
$0 $14,200 $6,600
3rd place: $1,000 New champion: $14,200 2nd place: $2,000

Game dynamics:

Coryat scores:

Sam Tiombi Rami
$6,400 $15,600 $4,000
10 R,
8 W
(including 2 DDs)
21 R,
3 W
15 R
(including 1 DD),
4 W

Combined Coryat: $26,000

[game clues] [game scores] [suggest correction]

Game tape date: 2015-10-21
The J! Archive is created by fans, for fans. Scraping, republication, monetization, and malicious use prohibited; this site may use cookies and collect identifying information. See terms. The Jeopardy! game show and all elements thereof, including but not limited to copyright and trademark thereto, are the property of Jeopardy Productions, Inc. and are protected under law. This website is not affiliated with, sponsored by, or operated by Jeopardy Productions, Inc. Join the discussion at JBoard.tv.